000 01452cam a2200133 4500500
005 20260329000301.0
041 _afre
042 _adc
100 1 0 _aChabault, Vincent
_eauthor
245 0 0 _aSociologie du commerce
260 _bArmand Colin,
_c2024.
520 _aLe commerce est un poste d’observation pertinent pour scruter la diffusion des marchandises, les innovations techniques sur lesquelles elle repose, mais aussi la manière dont il favorise la circulation de normes de consommation et de styles de vie auxquels les individus adhèrent. Son importance est donc à la fois économique, technique et socio-culturelle.Le livre analyse le commerce de détail comme le produit de relations entre divers éléments: les innovations apportées à l’intermédiation marchande, les cultures de consommation, les relations sociales, le travail et les travailleurs du secteur, les réglementations et l’action publique, le territoire. Ce découpage montre comment la sociologie peut se saisir de cet objet de recherche en puisant dans ses courants divers mais aussi dans d’autres disciplines des sciences sociales Ce manuel est le premier du genre consacré à ce secteur économique très ancien, en mutation sous l’effet de la transition numérique, et central dans l’existence des sociétés et de leur économie.
856 4 1 _uhttps://shs.cairn.info/sociologie-du-commerce--9782200635220?lang=fr&redirect-ssocas=7080
999 _c1794467
_d1794467